000 00527nam a2200181Ia 4500
005 20250508154315.0
008 008 250505s9999 xx 000 0 eng d
037 _aTextual
040 _aFEDL
_beng
_cFEDL
041 _aeng
_2eng
084 _a920, CAN
_qFEDL
100 _aCanning John Ed.
245 0 _a100 great modern lives: Makers of the World to-day from faraday to kennedy
260 _aLondon, UK
_bOdhams Books Ltd.
_c1965
300 _a640p
942 _cTEXL
_h920, CAN
999 _c1349499
_d1349499